000
00348nam a2200133Ia 4500
008
231129s9999||||xx |||||||||||||| ||spa||
020
_a
958-30-0295-X
040
_b
spa
082
_a
Co863.44 N718da
100
_a
Niño Jairo Aníbal
245
0
_a
Dalia y zazir
264
_a
Panamericana
942
_2
ddc
_c
BKS
999
_c
8692
_d
8692